000 00596nam a2200205Ia 4500
003 GCL
008 140319s9999 xx 000 0 ara d
040 _aGCL /
_cGCL
082 0 4 _a791.43
_bش ق
100 1 _aشارلى شابلن
245 1 0 _aقصة حياتى شارلى شابن /
_cشارلى شابلن
700 1 _aكميل داغر
260 _a[S.N] :
_bالمركز الثقافى العربى ،
_c1994
300 _a447 ص
490 _a
650 0 4 _aالسينما
650 0 4 _aالاخراج السينمائى
650 0 4 _aالسينمائيون
942 _2ddc
_cBK
999 _c35648
_d35648